000 00965cab a2200289 4500
001 WB3104-22
008 090401t1995 xxu||||| |||| 00| 0 eng d
035 _a(Sirsi) u75097
041 _aeng
245 _aPlaying musical chairs
260 _c1995
350 _a0
490 _aTimes
_v25 January 1995, 33(1)
520 _aOffice servicing and running costs are £5,264 per person on average, according to "The Times/Procord office costs index", and additional research at Procord has identified criteria for valuing the costs of moving desks within an office.
650 _aBlock management
_96220
650 _aFACILITIES MANAGEMENT
_96240
650 _aOCCUPANCY COSTS
650 _aOFFICE CHURN
650 _aOFFICES
650 _aRUNNING COSTS
650 _aSERVICE COSTS
650 _aSPACE MANAGEMENT
650 _aTIMES PROCORD OFFICE COSTS INDEX
690 _aOFFICE SERVICES AND ADMINISTRATION
942 _n0
948 _c04/03/1997
999 _c47313
_d47313